[Event "Titled Tue 3rd Jun Early"]
[Site "chess.com INT"]
[Date "2025.06.03"]
[Round "11"]
[White "Buscar, Michael"]
[Black "Florescu, Codrut-Constantin"]
[Result "1-0"]
[BlackTitle "IM"]
[WhiteElo "2016"]
[BlackElo "2193"]
[WhiteFideId "2603616"]
[BlackFideId "1202200"]
[EventDate "2025.06.03"]

1. d4 Nf6 2. c4 e6 3. Nc3 Bb4 4. e3 O-O 5. Bd3 d5 6. Ne2 Re8 7. O-O c6 8. a3 Bf8
9. b4 Nbd7 10. b5 dxc4 11. Bxc4 e5 12. Qb3 Qe7 13. a4 Nb6 14. Ba3 Qc7 15. dxe5
Nxc4 16. Qxc4 Bxa3 17. exf6 Bd6 18. Ng3 Be6 19. Qh4 g6 20. Nce4 Bf8 21. Rac1 c5
22. Nxc5 Rac8 23. Nd3 Qd6 24. Nf4 Bb3 25. Qg5 Bxa4 26. Nf5 Rxc1 27. Nxd6 Rxf1+
28. Kxf1 Bxd6 29. h4 Re5 30. Qg4 Bxb5+ 31. Kg1 Rc5 32. h5 g5 33. h6 Kf8 34. Ne2
Be5 35. g3 Bxf6 36. Nd4 Be8 37. Qe4 Rc1+ 38. Kh2 Bxd4 39. Qxd4 Bc6 40. Qd8+ Be8
41. Qxg5 Bc6 42. Qd8+ Be8 43. g4 f5 44. g5 Rc6 45. Qd4 Rc7 46. Qh8+ Ke7 47.
Qxh7+ Kd6 48. Qxf5 Bc6 49. Qf4+ Kd7 50. g6 Ke6 51. g7 Rc8 52. Qg4+ Ke5 53. Qxc8 1-0

[Event "Titled Tue 3rd Jun Early"]
[Site "chess.com INT"]
[Date "2025.06.03"]
[Round "11"]
[White "Mora Munoz, Alejandro"]
[Black "Loskutova, Viktoriya"]
[Result "0-1"]
[WhiteTitle "FM"]
[BlackTitle "WFM"]
[WhiteElo "2147"]
[BlackElo "2066"]
[WhiteFideId "4469844"]
[BlackFideId "34166278"]
[EventDate "2025.06.03"]

1. e4 e5 2. Nf3 Nc6 3. Bb5 a6 4. Ba4 Bc5 5. c3 Nge7 6. O-O Ba7 7. d4 Ng6 8. Bg5
f6 9. Be3 O-O 10. h4 d6 11. h5 Nge7 12. dxe5 Bxe3 13. fxe3 dxe5 14. Bb3+ Kh8 15.
Qe1 Qe8 16. Qh4 Na5 17. Nbd2 Nxb3 18. axb3 h6 19. Rf2 Be6 20. Raf1 Rd8 21. Nxe5
Rxd2 22. Rxd2 fxe5 23. Rxf8+ Qxf8 24. Qg3 Nc6 25. b4 Qf6 26. Rf2 Qe7 27. Qg6 Nd8
28. g4 Nf7 29. Kg2 Ng5 30. Kg3 Kg8 31. Rd2 Bd7 32. Rd5 Bc6 33. Qf5 Bxd5 34. exd5
b6 35. c4 Qf6 36. e4 Qxf5 37. exf5 Kf7 38. Kf2 Ke7 39. Ke3 Kd6 40. b3 Nh7 41.
Kf3 Nf6 42. Kg3 a5 43. bxa5 bxa5 44. Kf3 Kc5 45. Ke3 Kb4 0-1

[Event "Titled Tue 3rd Jun Early"]
[Site "chess.com INT"]
[Date "2025.06.03"]
[Round "11"]
[White "Smirnov, Mark"]
[Black "Tleukhanov, Yerlan"]
[Result "1-0"]
[WhiteTitle "FM"]
[BlackTitle "FM"]
[WhiteElo "2348"]
[BlackElo "2169"]
[WhiteFideId "13764594"]
[BlackFideId "13749692"]
[EventDate "2025.06.03"]

1. e4 g6 2. d4 Bg7 3. Nc3 d6 4. f4 Nf6 5. Nf3 O-O 6. Bd3 Bg4 7. h3 Bxf3 8. Qxf3
e5 9. dxe5 dxe5 10. f5 Nc6 11. Be3 Ne8 12. O-O-O Nd6 13. g4 Nd4 14. Qf2 b5 15.
Rhf1 b4 16. Nd5 c6 17. f6 cxd5 18. fxg7 Kxg7 19. Bxd4 exd4 20. Qxd4+ Kg8 21.
Qxd5 Qc7 22. e5 Nb7 23. e6 fxe6 24. Qxe6+ Kg7 25. Rde1 Rxf1 26. Bxf1 Qf4+ 27.
Kb1 Rf8 28. Bc4 Kh6 29. a4 Nc5 30. Qe7 Qf2 31. Re5 Rf4 32. Qg5+ Kg7 33. Re7+ Kf8
34. Rxh7 Qe1+ 35. Ka2 b3+ 36. cxb3 Qc1 37. Qd8# 1-0

[Event "Titled Tue 3rd Jun Early"]
[Site "chess.com INT"]
[Date "2025.06.03"]
[Round "11"]
[White "Winkels, Marcel"]
[Black "Arya G Mallar"]
[Result "0-1"]
[WhiteTitle "CM"]
[BlackTitle "WCM"]
[WhiteElo "1918"]
[BlackElo "2014"]
[WhiteFideId "1003887"]
[BlackFideId "25115324"]
[EventDate "2025.06.03"]

1. e4 c5 2. Nf3 d6 3. d4 cxd4 4. Nxd4 Nf6 5. Nc3 g6 6. Be3 Bg7 7. f3 O-O 8. Qd2
Nc6 9. Bc4 Nxd4 10. Bxd4 Be6 11. Bb3 Qa5 12. O-O-O b5 13. Kb1 b4 14. Nd5 Bxd5
15. exd5 Qb5 16. Rhe1 a5 17. Qe2 Qxe2 18. Rxe2 Rfc8 19. a4 Rc7 20. Rde1 Kf8 21.
g4 h6 22. h4 Re8 23. g5 hxg5 24. hxg5 Nh5 25. Bxg7+ Kxg7 26. Re4 Kf8 27. Rc4
Rxc4 28. Bxc4 Rc8 29. b3 Rc5 30. Kc1 Nf4 31. Rd1 Nh3 32. Rh1 Nxg5 33. Rh8+ Kg7
34. Re8 Kf6 35. f4 Nh3 36. Rf8 Nxf4 37. Bb5 Nxd5 38. Be8 Nc7 39. Rxf7+ Ke6 40.
Rf8 Nxe8 41. Rxe8 g5 42. Rg8 Kf5 43. Kd2 Kf4 44. Kd3 g4 45. Rf8+ Rf5 0-1

[Event "Titled Tue 3rd Jun Early"]
[Site "chess.com INT"]
[Date "2025.06.03"]
[Round "11"]
[White "Silva Lucena, Cristian"]
[Black "Karvatskyi, Oleksii"]
[Result "0-1"]
[WhiteTitle "FM"]
[BlackTitle "CM"]
[WhiteElo "2257"]
[BlackElo "2248"]
[WhiteFideId "2232588"]
[BlackFideId "14191059"]
[EventDate "2025.06.03"]

1. d4 d5 2. c4 dxc4 3. e4 e5 4. Nf3 exd4 5. Bxc4 Nc6 6. O-O Bg4 7. Nbd2 Bb4 8.
Qb3 Qd7 9. a3 Bxd2 10. Nxd2 Nf6 11. e5 Na5 12. Qb4 Nxc4 13. Qxc4 Be6 14. Qb4 a5
15. Qc5 b6 16. Qc2 Nd5 17. Qe4 c5 18. Nc4 O-O 19. Nd6 Rad8 20. f4 f5 21. Qf3 Qe7
22. Bd2 Rxd6 23. exd6 Qxd6 24. Rfe1 Nf6 25. Re5 Ne4 26. Rxe4 Bd5 27. Rxd4 cxd4
28. Qf2 Be4 29. Rc1 Qd5 30. h3 h6 31. Kh2 Rf6 32. Be1 Rg6 33. g3 Re6 34. Rd1 d3
35. Bc3 Bf3 36. Re1 Be2 37. Bd2 Rc6 38. Qe3 Qe4 39. Qf2 Kh7 40. Rc1 Rc2 41. Rxc2
dxc2 42. Qe1 Qd3 43. Bc1 Bf3 44. Qd2 Qf1 0-1

[Event "Titled Tue 3rd Jun Early"]
[Site "chess.com INT"]
[Date "2025.06.03"]
[Round "11"]
[White "Cuellar Montes, Alejandro"]
[Black "Ugorek, Kacper"]
[Result "1-0"]
[WhiteTitle "CM"]
[BlackTitle "CM"]
[WhiteElo "2173"]
[BlackElo "2262"]
[WhiteFideId "32096836"]
[BlackFideId "21890676"]
[EventDate "2025.06.03"]

1. d4 Nf6 2. c4 g6 3. Nc3 Bg7 4. e4 d6 5. f4 O-O 6. Nf3 c5 7. d5 e6 8. dxe6 Bxe6
9. Bd3 Nc6 10. O-O Re8 11. f5 Bc8 12. Bg5 h6 13. Bf4 g5 14. Bg3 Nh5 15. Nd5 Nxg3
16. hxg3 Bxb2 17. Rb1 Be5 18. Nh2 Kg7 19. Qh5 Rh8 20. Ng4 Qf8 21. Rf3 Bd4+ 22.
Kh1 Ne5 23. f6+ Kh7 24. Nxe5 Bxe5 25. Ne7 b6 26. g4 Be6 27. Nd5 Rg8 28. a4 Rg6
29. a5 bxa5 30. Rb7 Rb8 31. Rxa7 Ra8 32. Re7 a4 33. Nc7 a3 34. Nxe6 a2 35. Nxf8+
Rxf8 36. Ra7 a1=Q+ 37. Rxa1 Bxa1 38. e5 Bxe5 39. Bxg6+ fxg6 40. Qh3 Bxf6 41. g3
Kg7 42. Qf1 Rf7 43. Kg2 Rf8 44. Qd3 Rf7 45. Qd5 Be5 46. Qxf7+ Kh8 47. Qf8+ 1-0

[Event "Titled Tue 3rd Jun Early"]
[Site "chess.com INT"]
[Date "2025.06.03"]
[Round "11"]
[White "Sychev, Klementy"]
[Black "Hayrapetyan, Artavazd R."]
[Result "1-0"]
[WhiteTitle "GM"]
[BlackTitle "FM"]
[WhiteElo "2542"]
[BlackElo "2350"]
[WhiteFideId "4114060"]
[BlackFideId "13304240"]
[EventDate "2025.06.03"]

1. h4 d5 2. d4 c5 3. e4 dxe4 4. d5 Nf6 5. Nc3 a6 6. Bf4 e6 7. dxe6 Qxd1+ 8. Rxd1
Bxe6 9. Nh3 h6 10. Be3 Bxh3 11. Rxh3 Nc6 12. g3 Ne5 13. Bg2 Nf3+ 14. Ke2 Rd8 15.
Nxe4 Nxe4 16. Rxd8+ Kxd8 17. Bxf3 f5 18. g4 fxg4 19. Bxg4 Kc7 20. Bf3 Nf6 21.
Rg3 b5 22. Bf4+ Kb6 23. Be5 c4 24. Rg1 Bc5 25. Kf1 Re8 26. Bxf6 gxf6 27. Rg6 Rh8
28. Rxf6+ Ka5 29. Bb7 Bb6 30. b4+ cxb3 31. cxb3 Rh7 32. b4+ Kxb4 33. Rxb6 a5 34.
Ba6 Ka3 35. Rxb5 a4 36. Ra5 Ra7 37. f3 Kb4 38. Rb5+ Ka3 39. Bb7 Kxa2 40. f4 a3
41. Kf2 Ka1 42. Bd5 a2 43. Kf3 h5 44. Bxa2 Kxa2 45. f5 Ra4 46. f6 Ra6 47. Rf5
Rxf6 48. Rxf6 1-0

[Event "Titled Tue 3rd Jun Early"]
[Site "chess.com INT"]
[Date "2025.06.03"]
[Round "11"]
[White "Baturin-Vinogradov, Miroslav"]
[Black "Sahetchian, Armand"]
[Result "1-0"]
[WhiteTitle "CM"]
[BlackTitle "CM"]
[WhiteElo "2010"]
[BlackElo "2024"]
[WhiteFideId "55745741"]
[BlackFideId "607150"]
[EventDate "2025.06.03"]

1. d4 Nf6 2. c4 e6 3. Nf3 Bb4+ 4. Bd2 a5 5. g3 b6 6. Bg2 Bb7 7. O-O Bxd2 8. Qxd2
O-O 9. Nc3 Ne4 10. Qd3 Nxc3 11. Qxc3 d6 12. Rfe1 Nd7 13. Rad1 Nf6 14. Bh3 Ne4
15. Qc2 f5 16. Bg2 Rb8 17. d5 e5 18. Nd2 Nxd2 19. Rxd2 f4 20. Qe4 Bc8 21. e3 f3
22. Bxf3 Bf5 23. Qh4 Qxh4 24. gxh4 Rf6 25. h5 Rbf8 26. Bd1 g6 27. hxg6 Bxg6 28.
e4 Rf4 29. Rde2 Bh5 30. Rd2 Bg6 31. f3 Kf7 32. Kf2 Ke7 33. Ke3 Rh4 34. Rg2 Rf7
35. b3 Rh3 36. Rf1 Rf4 37. Kd2 Bxe4 38. Rg7+ Kf6 39. Rxc7 Rxh2+ 40. Ke3 Bg6 41.
Rc6 Ke7 42. Rxb6 Rxa2 43. Be2 h5 44. Rg1 Rf6 45. Rb7+ Kd8 46. Rg7 Bc2 47. c5
dxc5 48. Ra7 Rg6 49. Rh1 1-0

[Event "Titled Tue 3rd Jun Early"]
[Site "chess.com INT"]
[Date "2025.06.03"]
[Round "11"]
[White "Weetik, Vjacheslav"]
[Black "King, Alexander"]
[Result "0-1"]
[WhiteTitle "FM"]
[BlackTitle "FM"]
[WhiteElo "2423"]
[BlackElo "2263"]
[WhiteFideId "4153472"]
[BlackFideId "2063620"]
[EventDate "2025.06.03"]

1. d4 d5 2. c4 e6 3. Nc3 c6 4. e3 Nf6 5. Nf3 a6 6. b3 Bb4 7. Bd2 O-O 8. Bd3 Nbd7
9. O-O b6 10. Nxd5 Nxd5 11. cxd5 Bxd2 12. dxe6 Bb4 13. exd7 Bxd7 14. Ne5 Be8 15.
Rc1 c5 16. Be4 Rc8 17. Bb7 Rc7 18. Bxa6 Qa8 19. Qe2 Ra7 20. Bd3 Rxa2 21. Rc2
Rxc2 22. Qxc2 g6 23. Be4 Qb8 24. Rd1 cxd4 25. exd4 Bd6 26. Nf3 Bd7 27. h3 Rc8
28. Qd2 Bf4 29. Qd3 Qd6 30. Qa6 Rc3 31. Qa8+ Kg7 32. Qd5 Qe7 33. Qb7 Rxb3 34.
Bd5 Rc3 35. Qxb6 Qf6 36. Qb7 Bc8 37. Qa7 Bf5 38. Ne5 Bxe5 39. dxe5 Qxe5 40.
Qxf7+ Kh6 41. g4 Rxh3 42. Qf8+ Kg5 43. Qd8+ Kxg4 44. Bf3+ Rxf3 0-1

[Event "Titled Tue 3rd Jun Early"]
[Site "chess.com INT"]
[Date "2025.06.03"]
[Round "11"]
[White "Andrade, Ivan"]
[Black "Duarte Cramer, Lily Jeanette"]
[Result "1/2-1/2"]
[WhiteTitle "FM"]
[BlackTitle "WCM"]
[WhiteElo "2161"]
[BlackElo "1828"]
[WhiteFideId "14800039"]
[BlackFideId "29620180"]
[EventDate "2025.06.03"]

1. e4 c5 2. Nf3 d6 3. d4 cxd4 4. Nxd4 Nf6 5. Nc3 a6 6. f3 e5 7. Nb3 Be7 8. Be3
Be6 9. Qd2 h5 10. Nd5 Bxd5 11. exd5 Nbd7 12. Be2 b5 13. Na5 Rc8 14. Nc6 Qc7 15.
Nxe7 Kxe7 16. O-O-O Nxd5 17. Bg5+ f6 18. Bh4 Nf4 19. Bd3 Nxd3+ 20. Qxd3 d5 21.
Kb1 d4 22. Qg6 Rhg8 23. Rhe1 Nf8 24. Qf5 Nd7 25. f4 g6 26. Rxe5+ Nxe5 27. Qxf6+
Kd7 28. Qe7+ Kc6 29. Qxe5 Qxe5 30. fxe5 Rge8 31. Bf6 Kc5 32. Kc1 Rc7 33. Kd2 Rd7
34. Kd3 Re6 35. Re1 Rf7 36. Re4 Rfxf6 37. exf6 Rxf6 38. Re5+ Kd6 39. Rg5 Ke6 40.
Kxd4 Kf7 41. Kc3 Rf2 42. Kb3 Kf6 43. h4 Rf4 44. g3 Rf3+ 45. c3 Rf5 46. Rxf5+
Kxf5 47. c4 bxc4+ 48. Kxc4 Kg4 49. b4 Kxg3 50. a4 Kxh4 51. b5 g5 52. bxa6 g4 53.
a7 g3 54. a8=Q Kh3 55. Qh1+ Kg4 56. a5 h4 57. a6 h3 58. a7 g2 59. Qh2 Kf3 60.
a8=Q+ Kf2 61. Qa2+ Kf1 62. Qb1+ Kf2 63. Qc2+ Kf1 64. Qd1+ Kf2 65. Kd3 1/2-1/2

[Event "Titled Tue 3rd Jun Early"]
[Site "chess.com INT"]
[Date "2025.06.03"]
[Round "11"]
[White "Galperin, Platon"]
[Black "Mahdavi, Reza"]
[Result "1-0"]
[WhiteTitle "GM"]
[BlackTitle "IM"]
[WhiteElo "2494"]
[BlackElo "2445"]
[WhiteFideId "14165414"]
[BlackFideId "12595926"]
[EventDate "2025.06.03"]

1. c4 Nf6 2. Nc3 c5 3. g3 Nc6 4. Bg2 d6 5. e3 g6 6. Nge2 Bg7 7. d4 O-O 8. h3 Rb8
9. O-O a6 10. b3 Bd7 11. a4 Qc8 12. Kh2 Nb4 13. a5 Bf5 14. e4 cxd4 15. Nxd4 Bd7
16. Be3 Re8 17. Qd2 b6 18. axb6 Rxb6 19. Nf5 Rb8 20. Nxg7 Kxg7 21. Rab1 Qc7 22.
Bd4 e5 23. Be3 Be6 24. Rfd1 Red8 25. Bh6+ Kg8 26. Bg5 Qe7 27. f4 h6 28. Bxh6 Nh7
29. Rf1 exf4 30. Bxf4 Nc6 31. g4 Ne5 32. Bg3 Rb7 33. Ne2 Rdb8 34. c5 Rd8 35. Qc3
f6 36. cxd6 Qxd6 37. Rxf6 Nxf6 38. Bxe5 Qd3 39. Bxf6 Qxc3 40. Nxc3 Rd2 41. b4
Rbd7 42. e5 R7d3 43. Ne4 Bd5 44. Nxd2 Rxd2 45. Rg1 1-0

[Event "Titled Tue 3rd Jun Early"]
[Site "chess.com INT"]
[Date "2025.06.03"]
[Round "11"]
[White "Fedorov, Artem Alek"]
[Black "Harriott, Tyrell"]
[Result "0-1"]
[WhiteTitle "CM"]
[WhiteElo "2198"]
[BlackElo "1924"]
[WhiteFideId "34418431"]
[BlackFideId "2086484"]
[EventDate "2025.06.03"]

1. e4 d6 2. d4 Nf6 3. Nc3 Nbd7 4. Nf3 e5 5. Rg1 c6 6. g4 Qa5 7. Bd2 h6 8. Bc4
exd4 9. Nxd4 Ne5 10. Bb3 Bxg4 11. f3 Qb6 12. Rxg4 Nfxg4 13. Bf4 Qxd4 14. fxg4
Qg1+ 15. Kd2 Qf2+ 16. Ne2 O-O-O 17. Bg3 Qf3 18. Qf1 Qxe4 19. Qf5+ Qxf5 20. gxf5
Be7 21. Ke3 Bg5+ 22. Kf2 Rhe8 23. Rd1 d5 24. h4 Bf6 25. Nf4 Nd7 26. c4 dxc4 27.
Bxc4 Ne5 28. Rxd8+ Rxd8 29. Bb3 Nd3+ 30. Ke3 Nc5 31. Bxf7 Re8+ 32. Bxe8 Kc7 33.
Ne6+ Kb6 34. Bc7+ Kb5 35. Nd4+ Kc4 36. Bd6 Bxd4+ 37. Kf4 Kd5 38. Bf7+ Kxd6 39.
f6 Bxf6 40. Kf5 Nd7 41. h5 Ne5 42. Be8 b5 43. b4 c5 44. bxc5+ Kxc5 45. a4 b4 46.
Ke4 b3 47. Ke3 b2 48. Bg6 Nxg6 49. hxg6 b1=Q 50. Kd2 Qxg6 51. Ke3 Qf5 52. Kd2
Qf3 53. Kc2 Qe2+ 54. Kc1 Kb4 55. Kb1 Qb2# 0-1

[Event "Titled Tue 3rd Jun Early"]
[Site "chess.com INT"]
[Date "2025.06.03"]
[Round "11"]
[White "Belov, Alexei"]
[Black "Purtseladze, Maka"]
[Result "0-1"]
[WhiteTitle "IM"]
[BlackTitle "IM"]
[WhiteElo "2421"]
[BlackElo "2261"]
[WhiteFideId "4128206"]
[BlackFideId "13602659"]
[EventDate "2025.06.03"]

1. e4 e6 2. d4 d5 3. Nd2 c5 4. Ngf3 cxd4 5. exd5 Nf6 6. dxe6 Bxe6 7. Nb3 Bb4+ 8.
Bd2 Qb6 9. Bd3 Nc6 10. O-O O-O 11. Bxb4 Qxb4 12. Nfxd4 Nxd4 13. Nxd4 Qxb2 14.
Nxe6 fxe6 15. Rb1 Qxa2 16. Rxb7 Rf7 17. Rb3 a5 18. Qf3 Rfa7 19. Qc6 Kh8 20. Qxe6
Qa4 21. Rc3 Qd7 22. Qe5 a4 23. Ra3 Ra5 24. Qc3 Nd5 25. Qd4 Qa7 26. Qe4 Nf6 27.
Qh4 Rh5 28. Qg3 Qd4 29. Rfa1 Rha5 30. h3 g6 31. Qf3 Kg7 32. Re1 R8a7 33. g3 Qb4
34. Rea1 Qd6 35. Kg2 Qd5 36. Qxd5 Nxd5 37. Bc4 Nb6 38. Bb3 Kf6 39. f4 Ke7 40.
Kf3 Kd6 41. Ba2 Kc5 42. Rb1 Nd5 43. g4 Kd6 44. Rd1 Kc6 45. Rad3 Nb4 46. Rd6+ Kc5
47. Bg8 R5a6 0-1

[Event "Titled Tue 3rd Jun Early"]
[Site "chess.com INT"]
[Date "2025.06.03"]
[Round "11"]
[White "Leinov, Roman"]
[Black "Sagalchik, Gennadij"]
[Result "1/2-1/2"]
[WhiteTitle "CM"]
[BlackTitle "GM"]
[WhiteElo "2120"]
[BlackElo "2434"]
[WhiteFideId "13504649"]
[BlackFideId "2007916"]
[EventDate "2025.06.03"]

1. Nf3 d5 2. g3 Nc6 3. d4 Bg4 4. Bg2 Qd7 5. c4 e6 6. Nc3 f6 7. O-O Nge7 8. h3
Bf5 9. Nh4 dxc4 10. Nxf5 Nxf5 11. d5 exd5 12. Qxd5 O-O-O 13. Qxc4 h5 14. Bf4 h4
15. g4 Nfd4 16. e3 Ne6 17. Rfd1 Qe8 18. Bxc6 Qxc6 19. Qxc6 bxc6 20. Rxd8+ Kxd8
21. Bh2 Bd6 22. Rd1 Ke7 23. Ne4 Bxh2+ 24. Kxh2 Rb8 25. b3 Rb4 26. f3 a5 27. Rc1
a4 28. Rc4 Rxc4 29. bxc4 g6 30. Kg2 f5 31. gxf5 gxf5 32. Nc3 Nc5 33. f4 a3 34.
Kf3 Nd3 35. Kg2 Nc1 36. Nb1 Nxa2 37. Nxa3 Kd6 38. Kf3 Nc3 39. Kf2 Kc5 40. Kf3
Kb4 41. Nc2+ Kxc4 42. Nd4 c5 43. Nxf5 Kd3 44. Nxh4 c4 45. f5 Ne4 46. Ng2 Nd2+
47. Kf2 Ne4+ 48. Kf3 Ng5+ 49. Kg4 Ne4 50. Kf3 1/2-1/2

[Event "Titled Tue 3rd Jun Early"]
[Site "chess.com INT"]
[Date "2025.06.03"]
[Round "11"]
[White "Chaulagain, Purusottam"]
[Black "Elier, Ali"]
[Result "1-0"]
[WhiteTitle "CM"]
[BlackTitle "CM"]
[WhiteElo "1898"]
[BlackElo "2142"]
[WhiteFideId "12300730"]
[BlackFideId "16217543"]
[EventDate "2025.06.03"]

1. d4 Nf6 2. Nc3 d5 3. Bf4 c5 4. e3 Nc6 5. Nb5 e5 6. Bxe5 Nxe5 7. dxe5 Ng4 8.
Qxd5 Qxd5 9. Nc7+ Kd8 10. Nxd5 Nxe5 11. O-O-O Bd7 12. f4 Ng4 13. Rd2 Kc8 14. h3
Nh6 15. g4 Bc6 16. Bg2 f5 17. g5 Nf7 18. Nf3 h6 19. g6 Nd6 20. Ne5 Ne4 21. Bxe4
fxe4 22. Rhd1 Bxd5 23. Rxd5 Be7 24. Nf7 Rf8 25. Re5 Bf6 26. Rxc5+ Kb8 27. Rd7 a5
28. Rcc7 Ra7 29. Nd6 Rd8 30. Rxd8+ Bxd8 31. Rxg7 Ra6 32. Rxb7+ Ka8 33. g7 Rxd6
34. g8=Q Kxb7 35. Qh7+ Ka6 36. Qxe4 Bb6 37. Qc4+ Ka7 38. Qf7+ Ka6 39. Qe7 Rg6
40. c3 Rg3 41. e4 Rxh3 42. f5 Rh1+ 43. Kc2 Rh2+ 44. Kb3 Re2 45. e5 h5 46. f6 a4+
47. Kxa4 Rxb2 48. f7 Rxa2+ 49. Kb3 Ra5 50. f8=Q Rb5+ 51. Kc2 Bc5 52. Qa8+ Kb6
53. Qeb7# 1-0

[Event "Titled Tue 3rd Jun Early"]
[Site "chess.com INT"]
[Date "2025.06.03"]
[Round "11"]
[White "Salonen, Aku"]
[Black "Venkatesh, Narayan"]
[Result "1-0"]
[WhiteTitle "FM"]
[BlackTitle "FM"]
[WhiteElo "2314"]
[BlackElo "2168"]
[WhiteFideId "517577"]
[BlackFideId "30987881"]
[EventDate "2025.06.03"]

1. e4 e6 2. d4 d5 3. Nd2 c5 4. Ngf3 cxd4 5. Nxd4 Nc6 6. Bb5 Bd7 7. Nxc6 bxc6 8.
Bd3 Bd6 9. c4 d4 10. O-O e5 11. c5 Bxc5 12. Nc4 Qe7 13. f4 exf4 14. Bxf4 h6 15.
Be5 f6 16. Bg3 h5 17. e5 h4 18. exf6 Nxf6 19. Re1 Be6 20. Bg6+ Kf8 21. Bf2 Qd7
22. Ne5 Qd6 23. Rc1 Bd5 24. Bxd4 Bb6 25. Bxb6 axb6 26. Rxc6 Qe7 27. Rxf6+ gxf6
28. Qxd5 fxe5 29. Rf1+ Kg7 30. Rf7+ Qxf7 31. Qxf7+ Kh6 32. Bf5 Rhg8 33. Qf6+ Kh5
34. Qxe5 Rae8 35. Be6+ Kh6 36. Qf4+ Rg5 37. Qf6+ Rg6 38. Qxh4+ Kg7 39. Qd4+ Rf6
40. Qd7+ Kf8 41. Qd6+ Kg7 42. Qg3+ Rg6 43. Qc3+ Rf6 44. Bc4 Rd8 45. h4 Rd1+ 46.
Kh2 Rd6 47. Qg3+ Rg6 48. Qe5+ Rgf6 49. h5 Kh6 50. Kh3 Kg7 51. Qg5+ Kh7 52. g3
Kh8 53. Bd3 Rh6 54. Bg6 Kg7 55. Qe7+ Kh8 56. Qf8# 1-0

[Event "Titled Tue 3rd Jun Early"]
[Site "chess.com INT"]
[Date "2025.06.03"]
[Round "11"]
[White "Bozorov, Javohir"]
[Black "Kshatriya, Nitin Vekhande"]
[Result "1-0"]
[WhiteTitle "FM"]
[BlackTitle "FM"]
[WhiteElo "2093"]
[BlackElo "2255"]
[WhiteFideId "14216957"]
[BlackFideId "45075530"]
[EventDate "2025.06.03"]

1. g4 d5 2. Bg2 c6 3. g5 e5 4. d4 Bd6 5. c4 e4 6. Nc3 Be6 7. Qb3 Qd7 8. cxd5
cxd5 9. Bd2 Nc6 10. e3 Nge7 11. a3 Na5 12. Qd1 Nc4 13. b3 Nxa3 14. Bf1 b5 15.
Rxa3 Bxa3 16. Bxb5 Nc6 17. Nge2 a6 18. Ba4 O-O 19. Nf4 Qd6 20. f3 exf3 21. Qxf3
Bb4 22. Ncxd5 Bxd2+ 23. Kxd2 Nb4 24. Nc3 Rac8 25. Rc1 Rfd8 26. h4 Qb6 27. Qe4
Qa5 28. Nxe6 fxe6 29. Qxe6+ Kh8 30. Bd7 Rc7 31. Ba4 Na2 32. b4 Qxb4 33. Qxa2
Rxd4+ 34. exd4 Qxd4+ 35. Ke1 Qe3+ 36. Kd1 Rd7+ 37. Bxd7 Qd4+ 38. Qd2 Qxh4 39.
Bh3 Qh5+ 40. Kc2 h6 41. Bf5 Qxg5 42. Qxg5 hxg5 43. Rd1 Kg8 44. Bg6 Kf8 45. Re1 1-0

[Event "Titled Tue 3rd Jun Early"]
[Site "chess.com INT"]
[Date "2025.06.03"]
[Round "11"]
[White "Velikanov, Alexander"]
[Black "Mizzi, Jack"]
[Result "1-0"]
[WhiteTitle "IM"]
[BlackTitle "CM"]
[WhiteElo "2372"]
[BlackElo "2086"]
[WhiteFideId "2039290"]
[BlackFideId "5602521"]
[EventDate "2025.06.03"]

1. d4 Nf6 2. Nf3 e6 3. e3 b6 4. Bd3 Bb7 5. O-O c5 6. b3 a6 7. Bb2 d6 8. c4 Nbd7
9. Nc3 Be7 10. d5 e5 11. Nd2 O-O 12. a4 a5 13. f4 exf4 14. exf4 Re8 15. Qf3 Nf8
16. g4 Ng6 17. g5 Nd7 18. h4 Nxh4 19. Qh5 Ng6 20. Kg2 Ndf8 21. Nce4 Bc8 22. Ng3
f6 23. Nde4 f5 24. Nd2 Nxf4+ 25. Rxf4 Bxg5 26. Rxf5 Bxf5 27. Nxf5 Ng6 28. Kf1
Bxd2 29. Bxg7 Qg5 30. Qxg5 Bxg5 31. Bb2 Rf8 32. Kg1 Rae8 33. Nxd6 Re3 34. Bf5
Rxb3 35. Be6+ Rf7 36. Bxf7+ Kf8 37. Bxg6 hxg6 38. Be5 Re3 39. Rf1+ Kg8 40. Bf4
Bxf4 41. Rxf4 Ra3 42. Rf6 Rxa4 43. Rxg6+ Kf8 44. Re6 Ra1+ 45. Kf2 Rc1 46. Re8+
Kg7 47. Ra8 Kf6 48. Ra6 Ke5 49. Rxb6 a4 50. Ra6 a3 51. Nf7+ Kd4 52. Rxa3 Kxc4
53. d6 Rd1 54. Ra7 Kd3 55. d7 Kc2 56. d8=Q Rxd8 57. Nxd8 c4 58. Ke2 c3 59. Rc7
Kb2 60. Kd3 1-0

[Event "Titled Tue 3rd Jun Early"]
[Site "chess.com INT"]
[Date "2025.06.03"]
[Round "11"]
[White "Piesik, Piotr"]
[Black "Ismagilov, Damir"]
[Result "1/2-1/2"]
[WhiteTitle "IM"]
[BlackTitle "CM"]
[WhiteElo "2436"]
[BlackElo "2173"]
[WhiteFideId "1136194"]
[BlackFideId "34199982"]
[EventDate "2025.06.03"]

1. Nf3 Nf6 2. g3 d5 3. Bg2 c5 4. O-O e6 5. d3 Nc6 6. Nbd2 g6 7. e4 Bg7 8. Re1
O-O 9. c3 a5 10. a4 b6 11. Qc2 Ba6 12. Bf1 Rc8 13. Nb1 c4 14. exd5 cxd3 15. Bxd3
Bxd3 16. Qxd3 Nxd5 17. Bg5 Qc7 18. Na3 h6 19. Nb5 Qb8 20. Bd2 Rfd8 21. Qe4 Na7
22. Rad1 Nxb5 23. axb5 Qc7 24. Be3 Nxe3 25. Qxe3 Rxd1 26. Rxd1 Qc5 27. Qe2 Bf6
28. Rd7 Rd8 29. Rxd8+ Bxd8 30. Ne5 Bc7 31. Nc6 a4 32. Qd3 Kg7 33. Kg2 Bd6 34.
Qe4 g5 35. h4 a3 36. bxa3 Qxc3 37. hxg5 hxg5 38. a4 Bc5 39. Qe5+ Qxe5 40. Nxe5
f5 41. Nc6 Kf6 42. f3 e5 43. g4 e4 44. fxe4 fxe4 45. Kf1 Ke6 46. Ke2 Kd5 47. a5
bxa5 48. Nxa5 Bb6 49. Nb3 Ke5 50. Nd2 Kd5 51. Nf1 Kc4 52. Ng3 Kxb5 53. Nxe4 Bd8
54. Kd3 Kc6 55. Kd4 Kd7 56. Ke5 Ke7 57. Kf5 Kf7 58. Nxg5+ Bxg5 59. Kxg5 Kg7 60.
Kf5 Kf7 61. g5 Kg7 62. g6 Kg8 63. Kg5 Kg7 64. Kh5 Kg8 65. Kg4 Kg7 66. Kg5 Kg8
67. Kh6 Kh8 68. g7+ Kg8 69. Kg6 1/2-1/2

[Event "Titled Tue 3rd Jun Early"]
[Site "chess.com INT"]
[Date "2025.06.03"]
[Round "11"]
[White "Rozman, Levy"]
[Black "Carlsson, Ludvig"]
[Result "1-0"]
[WhiteTitle "IM"]
[BlackTitle "IM"]
[WhiteElo "2324"]
[BlackElo "2374"]
[WhiteFideId "2039877"]
[BlackFideId "1727010"]
[EventDate "2025.06.03"]

1. d3 d5 2. g3 e5 3. Bg2 Nf6 4. a3 a5 5. Nc3 h6 6. e4 dxe4 7. Nxe4 Nxe4 8. Bxe4
Bd6 9. Qh5 Nd7 10. Bd5 Qe7 11. Qf3 c6 12. Ba2 Nf6 13. Ne2 Bh3 14. Bd2 O-O 15.
Nc3 Bg4 16. Qg2 Be6 17. Bxe6 Qxe6 18. O-O Rfe8 19. Rae1 Qf5 20. h3 Rad8 21. g4
Qg6 22. Ne4 Bc7 23. Ng3 Nd5 24. Nf5 Qf6 25. Qf3 Kh8 26. Kg2 Ne7 27. Nxe7 Qxe7
28. Re4 Qd7 29. Rfe1 Kg8 30. Bc3 f6 31. a4 Bb6 32. h4 Rf8 33. Qf5 Qxf5 34. gxf5
Rd7 35. Kf3 Rfd8 36. Rg1 Kf7 37. h5 Rd5 38. Reg4 Rg8 39. Bd2 Rdd8 40. b3 Bc7 41.
Re4 b6 42. Ke2 c5 43. f4 Rge8 44. Kf3 exf4 45. Bxf4 Bxf4 46. Rxf4 Re5 47. Rg2
Rdd5 48. Kg4 Re1 49. Rgf2 Rg1+ 50. Kf3 Rg5 51. Ke3 Rxh5 52. Kd2 Rg5 53. Kc3 h5
54. Kc4 Rd6 55. Kb5 g6 56. fxg6+ Kxg6 57. Re4 f5 58. Re8 Kf7 59. Rb8 c4 60. Kxc4 1-0